<?xml version="1.0" encoding="UTF-8"?>
<record
    xmlns:xsi="http://www.w3.org/2001/XMLSchema-instance"
    xsi:schemaLocation="http://www.loc.gov/MARC21/slim http://www.loc.gov/standards/marcxml/schema/MARC21slim.xsd"
    xmlns="http://www.loc.gov/MARC21/slim">

  <leader>00464nam a2200169Ia 4500</leader>
  <controlfield tag="008">230718s9999    xx            000 0 und d</controlfield>
  <datafield tag="041" ind1=" " ind2=" ">
    <subfield code="a">eng</subfield>
  </datafield>
  <datafield tag="082" ind1=" " ind2=" ">
    <subfield code="a">511.3</subfield>
    <subfield code="b">LIU</subfield>
  </datafield>
  <datafield tag="100" ind1=" " ind2=" ">
    <subfield code="a">Liu C.L.</subfield>
  </datafield>
  <datafield tag="245" ind1=" " ind2=" ">
    <subfield code="a">Elements Of Discrete Mathematics</subfield>
  </datafield>
  <datafield tag="250" ind1=" " ind2=" ">
    <subfield code="a">3rd ed.</subfield>
  </datafield>
  <datafield tag="260" ind1=" " ind2=" ">
    <subfield code="c">2008</subfield>
    <subfield code="b">Tata Mc-Graw Hill</subfield>
  </datafield>
  <datafield tag="300" ind1=" " ind2=" ">
    <subfield code="a">547</subfield>
    <subfield code="d">Ref 355 G (33116)</subfield>
  </datafield>
  <datafield tag="365" ind1=" " ind2=" ">
    <subfield code="c">Rs.</subfield>
    <subfield code="b">250.00</subfield>
  </datafield>
  <datafield tag="700" ind1=" " ind2=" ">
    <subfield code="a">Liu C.L. &amp; Mohapatra D.P.</subfield>
  </datafield>
  <datafield tag="906" ind1=" " ind2=" ">
    <subfield code="d">O:0016320-Jul-2009B:70303-Jul-2009</subfield>
    <subfield code="c">IT</subfield>
    <subfield code="b">250</subfield>
  </datafield>
  <datafield tag="999" ind1=" " ind2=" ">
    <subfield code="c">321908</subfield>
    <subfield code="d">321908</subfield>
  </datafield>
  <datafield tag="952" ind1=" " ind2=" ">
    <subfield code="0">0</subfield>
    <subfield code="1">0</subfield>
    <subfield code="4">0</subfield>
    <subfield code="7">0</subfield>
    <subfield code="a">CCEP</subfield>
    <subfield code="b">CCEP</subfield>
    <subfield code="d">2009-07-20</subfield>
    <subfield code="e">Tbs</subfield>
    <subfield code="f">IT</subfield>
    <subfield code="g">200.00</subfield>
    <subfield code="i">703</subfield>
    <subfield code="l">7</subfield>
    <subfield code="o">511.3</subfield>
    <subfield code="p">CCEP-BK-33115</subfield>
    <subfield code="r">2025-09-23 15:24:47</subfield>
    <subfield code="s">2025-09-09</subfield>
    <subfield code="t">250</subfield>
    <subfield code="v">250.00</subfield>
    <subfield code="w">2009-07-03</subfield>
    <subfield code="y">BK</subfield>
    <subfield code="z">033115</subfield>
  </datafield>
</record>
